000 00338nam a2200133Ia 4500
008 240624s9999 xx 000 0 und d
041 _aeng
082 _a509 FER
100 _aFERGUSON KITTY
245 _aLOST SCIENCE ASTONISHING TALES OF FORGOT
260 _c2017
_aNew York
_bSterling
300 _aix, 326 p.; 23 cm.
365 _c
_b33
999 _c32310
_d32310